书目信息 |
| 题名: |
中国旅游热点城市
|
|
| 作者: | 钱天久 , 胡键 主编 | |
| 分册: | 昆明 | |
| 出版信息: | 北京 中国地图出版社 2003 |
|
| 页数: | 154页 | |
| 开本: | 21cm | |
| 丛书名: | 中国旅游精品丛书 | |
| 单 册: | ||
| 中图分类: | K928.974.1 , K928.9 , K928.974.1 | |
| 科图分类: | ||
| 主题词: | 导游--中国 , 导游--昆明市 , 导游 | |
| 电子资源: | ||
| ISBN: | 7-5031-3194-2 | |
| 000 | 00992oam2 2200301 450 | |
| 001 | 002436938 | |
| 005 | 20061107162523.79 | |
| 010 | @a7-5031-3194-2@dCNY22.00 | |
| 100 | @a20030827d2003 em y0chiy0110 ea | |
| 101 | 0 | @achi |
| 102 | @aCN@b110000 | |
| 105 | @aab g 000yy | |
| 200 | 1 | @a中国旅游热点城市@9zhong guo lv you re dian cheng shi@i昆明@f钱天久,胡键主编 |
| 210 | @a北京@c中国地图出版社@d2003 | |
| 215 | @a154页@c地图,图@d21cm | |
| 225 | 2 | @a中国旅游精品丛书 |
| 330 | @a本书首先向读者介绍了昆明城市概况,又分别介绍了旅游景点的名称、位置、历史、特色、乘车路线、电话、门票等咨讯,使您从文化、史迹、生态、风情、科考等多方面了解这个城市。 | |
| 461 | 0 | @12001 @a中国旅游精品丛书 |
| 606 | 0 | @a导游@y中国 |
| 606 | 0 | @a导游@y昆明市 |
| 606 | 0 | @a导游 |
| 690 | @aK928.974.1@v4 | |
| 690 | @aK928.9@v4 | |
| 690 | @aK928.974.1@v3 | |
| 701 | 0 | @a钱天久@9qian tian jiu@4主编 |
| 701 | 0 | @a胡键@9hu jian@4主编 |
| 801 | 0 | @aCN@bNLC@c20061107 |
| 905 | @a10447@dK928.974.1@e362 | |
| 中国旅游热点城市.昆明/钱天久,胡键主编.-北京:中国地图出版社,2003 |
| 154页:地图,图;21cm.-(中国旅游精品丛书) |
| ISBN 7-5031-3194-2:CNY22.00 |
| 本书首先向读者介绍了昆明城市概况,又分别介绍了旅游景点的名称、位置、历史、特色、乘车路线、电话、门票等咨讯,使您从文化、史迹、生态、风情、科考等多方面了解这个城市。 |
| ● |
| 相关链接 |
|
|
|
|
正题名:中国旅游热点城市
索取号:K928.974.1/362
 
预约/预借
| 序号 | 登录号 | 条形码 | 馆藏地/架位号 | 状态 | 备注 |
| 1 | 0382361 | 203823611 | 第二样本阅览室/ [索取号:K928.974.1/362] | 在馆 | |
| 2 | 0382362 | 203823620 | 第二借阅区/ [索取号:K928.974.1/362] | 在馆 | |
| 3 | 0382363 | 203823639 | 第二借阅区/ [索取号:K928.974.1/362] | 在馆 | |
| 4 | 0382364 | 203823648 | 第二借阅区/ [索取号:K928.974.1/362] | 在馆 | |
| 5 | 0382365 | 203823657 | 第二借阅区/ [索取号:K928.974.1/362] | 在馆 |